Statystyki dla Najludniejsze miasta polski w 2050 roku

Kliknij tutaj aby rozwiązać quiz!

Ogólne statystyki

  • Ten quiz został rozwiązany 367 razy
  • Średni wynik to 17 z 20

Statystyki odpowiedzi

#LudnośćMiasto% Poprawnych
11,926,555Warszawa
100%
2807,690Kraków
99%
3644,346Wrocław
97%
6477,165Gdańsk
96%
5490,563Łódź
96%
4508,063Poznań
96%
13218,507Katowice
94%
7378,322Szczecin
94%
9324,579Bydgoszcz
90%
8326,085Białystok
89%
10323,696Lublin
88%
11258,310Rzeszów
87%
12242,340Gdynia
86%
14210,182Toruń
85%
18163,895Radom
74%
15193,822Olsztyn
73%
20156,529Częstochowa
72%
16177,665Kielce
72%
17169,122Zielona Góra
66%
19158,133Bielsko-Biała
37%

Rozkład punktacji

Percentyl według liczby udzielonych odpowiedzi

Procent ludzi z każdym wynikiem

Twoja historia wyników

Nie rozwiązałeś tego quizu